| 000 | 01008nam a22002537a 4500 | ||
|---|---|---|---|
| 005 | 20240530110451.0 | ||
| 008 | 150514s2011 ua g b 000 0dara d | ||
| 017 |
_a2010/21966 _bمصر . دار الكتب المصرية |
||
| 020 | _a9789774950650 | ||
| 040 | _aEG-CaGPL | ||
| 082 | 0 | 4 |
_221 _a239\ _bإ أ |
| 100 | 0 | _aاسماعيل عبدالفتاح عبدالكافى | |
| 245 | 1 | 0 |
_aاخلاقيات الحرب فى السيرة النبوية الشريفة / _cتاليف اسماعيل عبدالفتاح عبدالكافى |
| 250 | _aط1 | ||
| 260 |
_aالقاهرة : _bدار العالم العربى ، _c2011 . |
||
| 300 |
_a256 ص ؛ _c24 سم |
||
| 504 | _aببليوجرافية : ص 247 - 254 | ||
| 650 | 0 | 4 | _aالسيرة النبوية |
| 650 | 0 | 4 |
_aالسيرة النبوية _xعصر الجهاد فى سبيل نشر الدعوة |
| 650 | 0 | 4 | _aاخلاق الرسول |
| 650 | 0 | 4 | _aغزوات النبى |
| 942 |
_2ddc _cBK |
||
| 999 |
_c61261 _d61261 |
||